Instrucciones para la redacción de los catálogos en las bibliotecas públicas del Estado / (Record no. 83034)

MARC details
000 -LEADER
campo de control de longitud fija 00867nam a2200205 i 4500
001 - NÚMERO DE CONTROL
campo de control 83034
003 - IDENTIFICADOR DE NÚMERO DE CONTROL
campo de control ES-MaACL
005 - FECHA Y HORA DE LA ÚLTIMA TRANSACCIÓN
campo de control 20230906174752.0
007 - CAMPO FIJO DE DESCRIPCIÓN FÍSICA--INFORMACIÓN GENERAL
campo de control de longitud fija t|
008 - DATOS DE LONGITUD FIJA--INFORMACIÓN GENERAL
campo de control de longitud fija 041115s1902 sp ||||1| spa d
245 00 - MENCIÓN DEL TÍTULO
Título Instrucciones para la redacción de los catálogos en las bibliotecas públicas del Estado /
Mención de responsabilidad, etc. dictadas por la Junta Facultativa de Archivos, Bibliotecas y Museos.
260 ## - PUBLICACIÓN, DISTRIBUCIÓN, ETC.
Lugar de publicación, distribución, etc. Madrid :
Nombre del editor, distribuidor, etc. [s.n.],
Fecha de publicación, distribución, etc. 1902 (
Fabricante Tipografía de la Revista de Archivos)
300 ## - DESCRIPCIÓN FÍSICA
Extensión 152 p. ;
Dimensiones 22 cm.
490 1# - MENCIÓN DE SERIE
Mención de serie Biblioteca de la Revista de archivos, bibliotecas y museos ;
Designación de volumen o secuencia 2
650 04 - PUNTO DE ACCESO ADICIONAL DE MATERIA--TÉRMINO DE MATERIA
Término de materia o nombre geográfico como elemento de entrada Catalogación bibliográfica-
Subdivisión general Normas.
9 (RLIN) 10839
710 2# - ENTRADA AGREGADA--NOMBRE DE ENTIDAD CORPORATIVA
Nombre de entidad corporativa o nombre de jurisdicción como elemento de entrada Junta Facultativa de Archivos, Bibliotecas y Museos (España)
9 (RLIN) 5406
830 0# - PUNTO DE ACCESO ADICIONAL DE SERIE-TÍTULO UNIFORME
Título uniforme Biblioteca de la Revista de archivos, bibliotecas y museos ;
Designación de volumen o secuencia 2
9 (RLIN) 185621
852 ## - LOCALIZACIÓN
Ubicación ES-MaACL
Número de control de estantería B-3542
Holdings
Estatus retirado Estado de pérdida Fuente del sistema de clasificación o colocación Estado de daño No para préstamo Colección Biblioteca de origen Biblioteca actual Ubicación en estantería Fecha de adquisición Total de préstamos Signatura topográfica completa Código de barras Visto por última vez Precio de reemplazo Tipo de ítem Koha
    Clasificación decimal universal     Biblioteca profesional Biblioteca del Ateneo de Madrid Biblioteca del Ateneo de Madrid Sala Pardo Bazán 17/01/2008   B-3542 1086771 23/02/2023 23/02/2023 Libro impreso